| Tag |
First Indicator |
Second Indicator |
Subfields |
| LEADER |
00000cam a2200000 a 4500 |
| 001 |
in00000031072 |
| 005 |
20151007054943.0 |
| 008 |
870825s1988 nyua b 00000 eng |
| 010 |
|
|
|a 87019248
|
| 020 |
|
|
|a 0805005102
|
| 035 |
|
|
|a (OCoLC)16682274
|
| 035 |
|
|
|9 AAB6748AM
|
| 040 |
|
|
|a DLC
|c DLC
|d TXA
|d UtOrBLW
|
| 049 |
|
|
|a TXAM
|c [A11494154]
|
| 050 |
0 |
0 |
|a GV1121
|b .R4 1988
|
| 082 |
0 |
|
|a 796.8/3
|2 19
|
| 245 |
0 |
0 |
|a Reading the fights /
|c edited by Joyce Carol Oates and Daniel Halpern.
|
| 250 |
|
|
|a 1st ed.
|
| 264 |
|
1 |
|a New York :
|b H. Holt,
|c [1988]
|
| 264 |
|
4 |
|c ©1988
|
| 300 |
|
|
|a viii, 305 pages :
|b illustrations ;
|c 22 cm.
|
| 336 |
|
|
|a text
|b txt
|2 rdacontent
|
| 337 |
|
|
|a unmediated
|b n
|2 rdamedia
|
| 338 |
|
|
|a volume
|b nc
|2 rdacarrier
|
| 504 |
|
|
|a Includes bibliographical references.
|
| 650 |
|
0 |
|a Boxing
|x History.
|
| 650 |
|
0 |
|a Boxing matches.
|
| 700 |
1 |
|
|a Oates, Joyce Carol,
|d 1938-
|
| 700 |
1 |
|
|a Halpern, Daniel,
|d 1945-
|
| 999 |
|
|
|a MARS
|
| 999 |
f |
f |
|s 194eaa8a-32a8-3d89-a84e-8e2dece8c818
|i a533afea-848e-3eae-9d19-73aefb5e222b
|t 0
|
| 952 |
f |
f |
|p ric
|a Texas A&M University
|b Rellis Campus
|c Joint Library Facility
|d Remote Storage
|t 0
|e GV1121 .R4 1988
|h Library of Congress classification
|i unmediated -- volume
|m A14811494154
|
| 952 |
f |
f |
|p noncirc
|a Texas A&M University
|b J.J. Pickle Campus
|c High Density Repository
|d Remote Storage
|t 0
|e GV1121 .R4 1988
|h Library of Congress classification
|i unmediated -- volume
|m A14853256067
|
| 998 |
f |
f |
|a GV1121 .R4 1988
|t 0
|l Remote Storage
|
| 998 |
f |
f |
|a GV1121 .R4 1988
|t 0
|l Remote Storage
|